Velikost stavebních pozemků rodinných domků z hlediska jejich hospodářského využití.
Výsledky prieskumu Terplanu k problematike veľkosti stavebných pozemkov v jednotlivých lokalitách, štruktúry využitia plôch stavebných pozemkov rodinných domkov, hospodárskeho využívania stavebných pozemkov, k názorom užívateľov rodinných domkov na veľkosť stavebných pozemkov, vybavenosť užívateľov...
Gespeichert in:
| 1. Verfasser: | |
|---|---|
| Weitere Verfasser: | |
| Format: | Buchkapitel |
| Sprache: | Tschechisch |
| Schlagworte: | |
| Tags: |
Keine Tags, Fügen Sie das erste Tag hinzu!
|
MARC
| LEADER | 00000naa a2200000 4500 | ||
|---|---|---|---|
| 001 | r005755 | ||
| 005 | 20220819181210.5 | ||
| 041 | 0 | |a cze | |
| 044 | |a [CS] | ||
| 245 | 1 | 0 | |a Velikost stavebních pozemků rodinných domků z hlediska jejich hospodářského využití. |c A. Andrle, J. Navrátil |
| 520 | |a Výsledky prieskumu Terplanu k problematike veľkosti stavebných pozemkov v jednotlivých lokalitách, štruktúry využitia plôch stavebných pozemkov rodinných domkov, hospodárskeho využívania stavebných pozemkov, k názorom užívateľov rodinných domkov na veľkosť stavebných pozemkov, vybavenosť užívateľov rodinných domkov rekreačnými objektami a záhradami. | ||
| 610 | 2 | 0 | |a pozemky |
| 610 | 2 | 0 | |a výstavba bytová individuálna |
| 610 | 2 | 0 | |a využitie pôdy |
| 610 | 2 | 0 | |a Terplan |
| 100 | 1 | |a Andrle, Alois | |
| 700 | 1 | |a Navrátil, J. | |